Sacramental meditations and advices, grounded upon scripture-texts, proper for communicants, to prepare their hearts, excite their affections, quicken their graces, and enliven their devotions on sacramental occasions : And likewise useful to promote gracious dispositions and resolutions in Christians, at all times, upon the remembrance of a crucified Jesus. Together with a short Christian directory, consisting of forty scripture directions, proper for all Christians intending heaven: and a variety of scripture songs for Zion's travellers in their way th...her. To which are added, (by way of appendix,) I. A lecture concerning the institution of the Lord's Supper, or, I Cor. xi. 17. to the end. II. A preparation sermon from Josh. iii. 5. III. An action sermon from Cant. ii. 4. All taken from the authors manuscripts after his decease. By the Rev. Mr. John Willison, late minister at Dundee.

Bibliographic Details
Main Author: Willison, John, 1680-1750
Corporate Author: Gale (Firm)
Format: eBook
Language:English
Published: Aberdeen : Printed for, and sold by J. Boyle, MDCCLXXVI. [1776]
Subjects:
Online Access:Connect to the full text of this electronic book

MARC

Tag First Indicator Second Indicator Subfields
LEADER 00000cam a2200000 4500
001 in00003834310
005 20190415190619.0
006 m o d
007 cr |n||||||||n
008 920513s1776 stk|||| o 00| ||eng c
035 |a (CU-RivES)T211818 
035 |a (Uk-ES)006306297 
035 |a (OCoLC)510541363 
040 |a Uk-ES  |c Uk-ES  |d CU-RivES  |d CStRLIN  |d CU-RivES  |d Cengage Gale  |d UtOrBLW 
050 4 |a BV824  |b .W555 1776 
100 1 |a Willison, John,  |d 1680-1750.  |0 http://id.loc.gov/authorities/names/n85199404 
245 1 0 |a Sacramental meditations and advices, grounded upon scripture-texts, proper for communicants, to prepare their hearts, excite their affections, quicken their graces, and enliven their devotions on sacramental occasions :  |b And likewise useful to promote gracious dispositions and resolutions in Christians, at all times, upon the remembrance of a crucified Jesus. Together with a short Christian directory, consisting of forty scripture directions, proper for all Christians intending heaven: and a variety of scripture songs for Zion's travellers in their way th...her. To which are added, (by way of appendix,) I. A lecture concerning the institution of the Lord's Supper, or, I Cor. xi. 17. to the end. II. A preparation sermon from Josh. iii. 5. III. An action sermon from Cant. ii. 4. All taken from the authors manuscripts after his decease. By the Rev. Mr. John Willison, late minister at Dundee. 
264 1 |a Aberdeen :  |b Printed for, and sold by J. Boyle,  |c MDCCLXXVI. [1776] 
300 |a 1 online resource (x,304 pages)  
336 |a text  |b txt  |2 rdacontent 
337 |a computer  |b c  |2 rdamedia 
338 |a online resource  |b cr  |2 rdacarrier 
510 4 |a English Short Title Catalog,  |c T211818. 
500 |a Reproduction of original from National Library of Scotland. 
500 |a Electronic resource. 
650 0 |a Devotional exercises.  |0 http://id.loc.gov/authorities/subjects/sh85037397 
655 7 |a Electronic books.  |2 local 
710 2 |a Gale (Firm)  |0 http://id.loc.gov/authorities/names/no2008071348 
752 |a Great Britain  |b Scotland  |d Aberdeen. 
856 4 0 |u http://proxy.library.tamu.edu/login?url=http://find.galegroup.com/ecco/infomark.do?contentSet=ECCOArticles&docType=ECCOArticles&bookId=1380700300&type=getFullCitation&tabID=T001&prodId=ECCO&docLevel=TEXT_GRAPHICS&version=1.0&source=library&userGroupName=txshracd2898  |z Connect to the full text of this electronic book  |t 0 
999 f f |s b8568ff6-2339-3877-9e8c-929d8f4efde3  |i 99f340a5-b120-34ca-b886-d5914cec01a3  |t 0 
952 f f |a Texas A&M University  |b College Station  |c Electronic Resources  |d Available Online  |t 0  |e BV824 .W555 1776  |h Library of Congress classification 
998 f f |a BV824 .W555 1776  |t 0  |l Available Online